Optical and Geometrical Allover Patterns 700 Original Drawings (Record no. 85)

000 -LEADER
fixed length control field 00272nam a2200097Ia 4500
008 - FIXED-LENGTH DATA ELEMENTS--GENERAL INFORMATION
fixed length control field 200302s9999 xx 000 0 und d
100 ## - MAIN ENTRY--PERSONAL NAME
Personal name Jean Larcher
245 ## - TITLE STATEMENT
Title Optical and Geometrical Allover Patterns 700 Original Drawings
260 ## - PUBLICATION, DISTRIBUTION, ETC.
Name of publisher, distributor, etc. Dover Publications Inc.,
260 ## - PUBLICATION, DISTRIBUTION, ETC.
Date of publication, distribution, etc. 1979
Holdings
Withdrawn status Lost status Damaged status Not for loan Permanent Location Current Location Date acquired Cost, normal purchase price Full call number Barcode Date last seen Price effective from Koha item type
        BMS College of Architecture, Design and Planning BMS College of Architecture, Design and Planning 2020-03-03 152.00 741 CL-UG18676 2020-03-03 2020-03-03 UG Books from CL
Copyright © 2025, The Librarian, Library and Information Centre, BMSCA D&P, Bengaluru. All Rights Reserved
web counter

Powered by Koha